Królowie Angielscy i Brytyjscy - Statystyki

Ogólne statystyki
  • Ten quiz został rozwiązany 13 razy
  • Średni wynik to 39 z 65
Statystyki odpowiedzi
Dynastia Lata władzy Władca % Poprawnych
Tudorowie 1558 - 1603 Elżbieta I
100%
Windsorowie 1952 - 2022 Elżbieta II
100%
Stuartowie 1625 - 1649 Karol I
100%
Stuartowie 1660 - 1685 Karol II
100%
Windsorowie 2022 - Karol III
100%
Normandzka 1100 - 1135 Henryk I Beauclerc
92%
Plantaganeci 1154 - 1189 Henryk II
92%
Plantaganeci 1216 - 1272 Henryk III
92%
Lancaster 1399 - 1413 Henryk IV Bolingbroke
92%
Plantaganeci 1170 - 1183 Henryk Młody Król (Koregent)
92%
Lancaster 1413 - 1422 Henryk V
92%
Lancaster 1422 - 1461 Henryk VI
92%
Lancaster 1470 - 1471 Henryk VI
92%
Tudorowie 1485 - 1509 Henryk VII
92%
Tudorowie 1509 - 1547 Henryk VIII
92%
Hanowerska 1714 - 1727 Jerzy I
83%
Hanowerska 1727 - 1760 Jerzy II
83%
Hanowerska 1760 - 1820 Jerzy III
83%
Hanowerska 1820 - 1830 Jerzy IV
83%
Windsorowie 1910 - 1936 Jerzy V
83%
Windsorowie 1936 - 1952 Jerzy VI
83%
Stuartowie 1688 - 1702 Wilhelm III Orański
75%
Normandzka 1087 - 1100 Wilhelm II Rudy
75%
Hanowerska 1830 - 1837 Wilhelm IV
75%
Normandzka 1066 - 1087 Wilhelm I Zdobywca
75%
Plantaganeci 1272 - 1307 Edward I Długonogi
67%
Plantaganeci 1307 - 1327 Edward II
67%
Plantaganeci 1327 - 1377 Edward III
67%
York 1461 - 1470 Edward IV
67%
York 1471 - 1483 Edward IV
67%
Wesseks 975 - 978 Edward Męczennik
67%
York 1483 Edward V
67%
Tudorowie 1547 - 1553 Edward VI
67%
Windsorowie 1901 - 1910 Edward VII
67%
Windsorowie 1936 Edward VIII
67%
Wesseks 1042 - 1066 Edward Wyznawca
67%
Tudorowie 1553 - 1558 Maria I
67%
Stuartowie 1688 - 1694 Maria II
67%
Hanowerska 1837 - 1901 Wiktoria
67%
Stuartowie 1702 - 1714 Anna
58%
Plantaganeci 1199 - 1216 Jan Bez Ziemi
58%
Stuartowie 1603 - 1625 Jakub I
50%
Stuartowie 1685 - 1688 Jakub II
50%
Kapetyngowie 1216 Ludwik Kapetyng (niekoronowany)
42%
Plantaganeci 1377 - 1399 Ryszard II
42%
York 1483 - 1485 Ryszard III
42%
Plantaganeci 1189 - 1199 Ryszard I Lwie Serce
42%
Wesseks 1066 Harold II Godwinsson
33%
Duńska 1035 - 1040 Harold I Zajęcza Stopa
33%
Duńska 1016 - 1035 Kanut Wielki
33%
Wesseks 978 - 1013 Ethelred II Bezradny
25%
Wesseks 1014 - 1016 Ethelred II Bezradny
25%
Tudorowie 1553 Joanna Grey
25%
Normandzka 1135 - 1141 Stefan z Blois
25%
Normandzka 1141 - 1154 Stefan z Blois
25%
Wesseks 924 - 939 Athelstan
17%
Wesseks 1016 Edmund II Żelaznoboki
17%
Duńska 1040 - 1042 Hardekanut
17%
Normandzka 1141 Matylda
17%
Duńska 1013 - 1014 Swen Widłobrody
17%
Wesseks 959 - 975 Edgar I
8%
Wesseks 1066 Edgar II Ætheling
8%
Wesseks 939 - 946 Edmund I
8%
Wesseks 946 - 955 Edred
8%
Wesseks 955 - 959 Edwin
8%
Nie znaleziono quizów pasujących do podanych kryteriów
Rozkład punktacji
Procent ludzi z każdym wynikiem
Percentyl według liczby udzielonych odpowiedzi
Twoja historia wyników
Nie rozwiązałeś tego quizu